| 000 | 00872cab a22002295a 4500 | ||
|---|---|---|---|
| 001 | L155000 | ||
| 008 | 120216e20120211xxk 000 0 eng d | ||
| 035 | _a(Sirsi) u155000 | ||
| 041 | 0 | _aeng | |
| 100 | 1 | _aMorrison, Adrian | |
| 245 | 0 | 0 |
_aFocus _bSurrey, Sussex and Kent |
| 260 | _c2012 | ||
| 490 |
_aEstates Gazette _v(1206) 11 February 2012, 67-83(10) |
||
| 520 | _aOffice vacancy rates in Croydon of between 25% and 30% are blamed on the age and condition of its 1950s and 1960s buildings. Compares regeneration plans between Croydon and Bromley. Market health check on office, industrial and retail take up, availability and prime retail rents in various locations in Sussex, Surrey and Kent. | ||
| 590 | _aKA | ||
| 651 | 4 | _aSUSSEX | |
| 651 | 4 | _aSURREY | |
| 651 | 4 | _aKENT | |
| 690 |
_aCommercial property _96227 |
||
| 700 | 1 | _aHamilton, Helen | |
| 942 | _n0 | ||
| 999 |
_c83775 _d83775 |
||